| 000 | 003760000a22001570004500 | ||
|---|---|---|---|
| 003 | MACL | ||
| 040 | _aMACL | ||
| 090 |
_c33991 _d33989 |
||
| 100 | _aSelvi, S Thamarai | ||
| 245 | _aTest Your Skills in C | ||
| 260 |
_bTata McGraw Hill Publishing Com Ltd _c2002 |
||
| 350 | _a135 | ||
| 650 | _aComputer Programming | ||
| 942 |
_cBOOK _k005.133/SEL |
||
| 951 | _o005.133/SEL BOOK | ||
| 999 |
_c33635 _d33635 |
||